| 000 | 00642nam a2200181Ia 4500 | ||
|---|---|---|---|
| 008 | 090122s9999 xx 000 0 und d | ||
| 082 |
_b3096 _a920.71 |
||
| 100 |
_aपुजारी _bदशरथ |
||
| 245 | _aअजून त्या झुडुपांच्या मागे | ||
| 260 | _bआरती | ||
| 300 | _a99 | ||
| 501 | _aदेणगी - ढोकळे | ||
| 600 | _aपुजारी | ||
| 630 | _aअजून त्या झुडुपांच्या मागे | ||
| 700 | _aपुजारी | ||
| 730 | _aअजून त्या झुडुपांच्या मागे | ||
| 942 | _cBOOK | ||
| 999 |
_c27174 _d27174 |
||